Zariski surfaces and differential equations in characteristic P>p0s

Saved in:
Bibliographic Details
Main Author: Blass, Piotr
Other Authors: Lang, Jeffrey 1954-
Format: Book
Language:English
Published: New York : Marcel Dekker, c1987
Series:Monographs and textbooks in pure and applied mathematics ; ; 106
Subjects:
Tags: Add Tag
No Tags, Be the first to tag this record!

MARC

LEADER 00000cam a2200000 i 4500
001 1/52672
008 941103s1987 eng d
020 |a 0824776372 
035 |l 10044488 
035 |a 1993 
040 |a GR-MY-UA  |b gre  |e aacr 
041 0 |a eng 
082 0 |a 516.352  |2 (19) 
100 1 |a Blass, Piotr. 
245 1 0 |a Zariski surfaces and differential equations in characteristic P>p0s /  |c Piotr Blass, Jeffrey Land 
260 |a New York :   |b Marcel Dekker,   |c c1987 
300 |a viii, 441 p.;  |c 24 cm 
490 1 |a Pure and applied mathematics: A series of monographs and textbooks  |v ; 106 
500 |a "Includes all of J. Lang's 1981 Purdue thesis"--Pref 
504 |a Includes bibliographies and index 
650 0 0 |a Zariski surfaces. 
650 0 0 |a Differential equations. 
700 1 |a Lang, Jeffrey  |d 1954- 
830 0 |a Monographs and textbooks in pure and applied mathematics ;  |v ; 106 
852 |a INST  |b SAMOS  |e 19941103  |h 516.352 BLA  |p 005300007829  |q 005300007829  |t BK  |y 0 
909 |a Σ  |b 030353